Statistics for Random General Knowledge Quiz #2

Click here to take the quiz!

General Stats

  • This quiz has been taken 28 times
  • The average score is 5 of 8

Answer Stats

QuestionAnswer% Correct
Which if these is the french word for cheese?Fromage
95%
What country was Adolf Hitler born in?Austria
90%
What is the currency of South Korea?Won
71%
Which of these movies are directed by Christofer Nolan?Interstellar
67%
Who performed det famous speech "Ich bin ein berliner"John F. Kennedy
57%
What year was the first Fifa World Cup held?1930
48%
Which of the words are synonyms to "confused"?Flummoxed
43%
Fianchetto is a move in what game?Chess
33%

Score Distribution

Percentile by Number Answered

Percent of People with Each Score

Your Score History

You have not taken this quiz